Central Library OPAC University of Rajshahi

A history of medieval political theory in the west / (Record no. 35890)

MARC details
000 -LEADER
fixed length control field 00831nam a22002291i 4500
001 - CONTROL NUMBER
control field 35890
003 - CONTROL NUMBER IDENTIFIER
rucl marc code BD-RjUL
005 - DATE AND TIME OF LATEST TRANSACTION
control field 20211209052410.0
008 - FIXED-LENGTH DATA ELEMENTS--GENERAL INFORMATION
fixed length control field 140611s1950 stk 00010 eng d
035 ## - SYSTEM CONTROL NUMBER
System control number (BD-RjUL)
040 ## - CATALOGING SOURCE
Original cataloging agency BD-RjUL
Language of cataloging eng
Transcribing agency BD-RjUL
041 ## - LANGUAGE CODE
Language code of text/sound track or separate title eng
082 ## - DEWEY DECIMAL CLASSIFICATION NUMBER
Classification number 320.9
Author mark and year CAH V-2 1950
100 1# - MAIN ENTRY--PERSONAL NAME
Personal name Carlyle, Robert Warrend.
9 (RLIN) 109280
245 12 - TITLE STATEMENT
Title A history of medieval political theory in the west /
Statement of responsibility, etc. by R. W. Carlyle and A. J. Carlyle :
Number of part/section of a work Vol II :
Name of part/section of a work The Political theoey of the Roman Lawyers and the Canonists from the Thenth Century to the Thirteenth Century
260 ## - PUBLICATION, DISTRIBUTION, ETC. (IMPRINT)
Place of publication, distribution, etc. Edinb. :
Name of publisher, distributor, etc. Blackwood,
Date of publication, distribution, etc. 1950.
300 ## - PHYSICAL DESCRIPTION
Pagination xix,274 p. ;
Size 21 cm.
504 ## - BIBLIOGRAPHY, ETC. NOTE
Bibliography, etc Bibliographical footnotes.
650 #0 - SUBJECT ADDED ENTRY--TOPICAL TERM
Topical term or geographic name as entry element Political science
General subdivision History
Chronological subdivision To 1500.
9 (RLIN) 108472
700 1# - ADDED ENTRY--PERSONAL NAME
Personal name Carlyle, Alexander James.
942 ## - ADDED ENTRY ELEMENTS (KOHA)
Source of classification or shelving scheme Dewey Decimal Classification
Koha item type Books
Holdings
Lost status Source of classification or shelving scheme Damaged status Not for loan Collection code Permanent Location Current Location Shelving location Date acquired Source of acquisition Cost, normal purchase price Total Checkouts Full call number Date last seen Copy number Koha item type
  Dewey Decimal Classification   Not For Loan Non-fiction Central Library, University of Rajshahi Central Library, University of Rajshahi Reading Room 07/01/1965 Zeitlinger 25.00   320.9 CAH V-2 1950 11/06/2014 C-1 Books
  Dewey Decimal Classification     Non-fiction Central Library, University of Rajshahi Central Library, University of Rajshahi   07/01/1965 Zeitlinger 25.00   320.9 CAH V-2 1950 11/06/2014 C-3 Books